000 00472cam a2200145 4500500
005 20251228090741.0
041 _afre
042 _adc
100 1 0 _aDaudin, Claire
_eauthor
245 0 0 _aPéguy chaste
260 _c2016.
500 _a38
786 0 _nBulletin de l’Amitié Charles Péguy | 154 | 2 | 2016-04-13 | p. 116-129 | 0180-8567
856 4 1 _uhttps://shs.cairn.info/revue-bulletin-de-lamitie-charles-peguy-2016-2-page-116?lang=fr&redirect-ssocas=7080
999 _c1602661
_d1602661